[Event "Villa Ballester op 73rd"]
[Site "Buenos Aires"]
[Date "2024.01.23"]
[Round "5"]
[White "Campos, Matias"]
[Black "Pierucci, Fabian"]
[Result "0-1"]
[WhiteElo "2170"]
[BlackElo "1888"]
[PlyCount "92"]
[EventDate "2024.01.19"]
[EventType "swiss"]
[EventRounds "9"]
[EventCountry "ARG"]
[SourceTitle "CB06_2024"]
[SourceDate "2024.02.07"]
[SourceVersion "1"]
[SourceVersionDate "2024.02.07"]
[SourceQuality "1"]

1. c4 c5 2. Nf3 Nf6 3. g3 b6 4. Bg2 Bb7 5. 0-0 g6 6. d4 cxd4 7. Qxd4 d6 8. Nc3 Bg7 9. Qh4 h6 10. Rd1 Nbd7 11. Be3 Rc8 12. Rac1 Nc5 13. b4 Ne6 14. c5 bxc5 15. bxc5 Nxc5 16. Bh3 Ncd7 17. Nb5 a6 18. Rxc8 Bxc8 19. Na7 Bb7 20. Qa4 0-0 21. Nc6 Bxc6 22. Qxc6 Qc8 23. Qa4 Qb7 24. Bg2 Qb5 25. Qc2 Ng4 26. Bd4 h5 27. Bxg7 Kxg7 28. Nd4 Qc5 29. Qa4 Ndf6 30. h3 Nxf2 31. Kxf2 e5 32. Qxa6 h4 33. g4 Rb8 34. Kf1 exd4 35. a4 Rb4 36. Qc6 Qe5 37. a5 d5 38. Qc5 Ra4 39. Qb5 Ra2 40. Qd3 Ra4 41. a6 Ne4 42. Kg1 Nc3 43. Re1 Ra2 44. a7 Rxa7 45. e3 Re7 46. Kf1 dxe3 0-1

[Event "Buenos Aires Masters op"]
[Site "Buenos Aires"]
[Date "2023.06.16"]
[Round "3"]
[White "Pierucci, Fabian"]
[Black "Montiel Marin, Micaela Agustina"]
[Result "1-0"]
[WhiteElo "1877"]
[BlackElo "1519"]
[PlyCount "87"]
[EventDate "2023.06.14"]
[EventType "swiss"]
[EventRounds "9"]
[EventCountry "ARG"]
[SourceTitle "CBM 215 Extra"]
[Source "ChessBase"]
[SourceDate "2023.09.30"]
[SourceVersion "1"]
[SourceVersionDate "2023.09.30"]
[SourceQuality "1"]

1. e4 c5 2. Nc3 Nc6 3. g3 d6 4. Bg2 g6 5. f4 e5 6. Nf3 exf4 7. gxf4 Bg7 8. 0-0 Nge7 9. d3 0-0 10. Ne2 Bg4 11. c3 Qd7 12. Be3 f5 13. Qd2 Rad8 14. Ng3 fxe4 15. dxe4 d5 16. Bxc5 dxe4 17. Nxe4 Qf5 18. Nd4 Nxd4 19. cxd4 Qd7 20. d5 b6 21. Ba3 Rfe8 22. Nd6 Rf8 23. Rae1 Nf5 24. Nxf5 Rxf5 25. Re7 Qa4 26. Qc1 Bf8 27. Re4 Qd7 28. Bxf8 Rdxf8 29. h3 Bh5 30. Re5 Qa4 31. Rxf5 gxf5 32. a3 Qd4+ 33. Kh1 Re8 34. Qc2 Re2 35. Qxf5 Bg6 36. Qg4 Qxb2 37. f5 Rxg2 38. Qxg2 Qxg2+ 39. Kxg2 Be8 40. Kg3 Kf7 41. Kf4 Kf6 42. Re1 Bd7 43. Re6+ Kf7 44. Rh6 1-0

[Event "Buenos Aires Masters op"]
[Site "Buenos Aires"]
[Date "2023.06.15"]
[Round "2"]
[White "Nesprias, Agustin"]
[Black "Pierucci, Fabian"]
[Result "1-0"]
[WhiteElo "1422"]
[BlackElo "1877"]
[PlyCount "71"]
[EventDate "2023.06.14"]
[EventType "swiss"]
[EventRounds "9"]
[EventCountry "ARG"]
[SourceTitle "CBM 215 Extra"]
[Source "ChessBase"]
[SourceDate "2023.09.30"]
[SourceVersion "1"]
[SourceVersionDate "2023.09.30"]
[SourceQuality "1"]

1. e4 e5 2. d3 Bc5 3. Nf3 d6 4. g3 Nf6 5. Bg2 c6 6. 0-0 0-0 7. Re1 Ng4 8. Be3 Nxe3 9. fxe3 Qb6 10. Qc1 f5 11. exf5 Bxf5 12. Nc3 Nd7 13. Kh1 Qb4 14. h3 Rad8 15. a3 Qb6 16. b4 Bxh3 17. bxc5 Bxg2+ 18. Kxg2 Qxc5 19. Qd2 d5 20. e4 d4 21. Ne2 a5 22. Rf1 b5 23. c3 Nf6 24. cxd4 exd4 25. Rac1 Qb6 26. Ng5 Ng4 27. Qa2+ Kh8 28. Nf7+ Rxf7 29. Qxf7 Ne5 30. Qb3 Ng4 31. Nf4 c5 32. Qe6 Ne3+ 33. Kf3 Qxe6 34. Nxe6 Rd6 35. Rxc5 h6 36. Nxd4 1-0

[Event "Buenos Aires Masters op"]
[Site "Buenos Aires"]
[Date "2023.06.14"]
[Round "1"]
[White "Pierucci, Fabian"]
[Black "Schnaider, Ilan"]
[Result "0-1"]
[WhiteElo "1877"]
[BlackElo "2224"]
[PlyCount "160"]
[EventDate "2023.06.14"]
[EventType "swiss"]
[EventRounds "9"]
[EventCountry "ARG"]
[SourceTitle "CBM 215 Extra"]
[Source "ChessBase"]
[SourceDate "2023.09.30"]
[SourceVersion "1"]
[SourceVersionDate "2023.09.30"]
[SourceQuality "1"]

1. d4 Nf6 2. c4 g6 3. Nc3 d5 4. Bf4 Bg7 5. Nf3 0-0 6. e3 c6 7. Qb3 e6 8. h3 b6 9. Be2 Bb7 10. 0-0 Nbd7 11. Rfd1 Qe7 12. c5 Rfc8 13. Bd6 Qd8 14. a4 Ne8 15. Bg3 a5 16. Ne5 Bxe5 17. Bxe5 Ba6 18. cxb6 Nxb6 19. Bf3 Nd7 20. Bf4 Qe7 21. e4 Nef6 22. Rac1 Ra7 23. exd5 Nxd5 24. Nxd5 exd5 25. Qc2 Qf6 26. Qd2 Bc4 27. Re1 Rb7 28. Bg5 Qd6 29. Be7 Qb8 30. Ba3 Kg7 31. Re7 Nf6 32. Rce1 Rxe7 33. Rxe7 Ng8 34. Re5 c5 35. Bxd5 f6 36. Bxc4 fxe5 37. Bxc5 Nf6 38. Be6 Rc6 39. Ba2 Ne4 40. Qxa5 Nxc5 41. dxc5 Qxb2 42. Qa7+ Kh6 43. Bg8 Qc1+ 44. Kh2 Qf4+ 45. Kg1 Rf6 46. Qxh7+ Kg5 47. h4+ Qxh4 48. Qxh4+ Kxh4 49. Bd5 Ra6 50. g3+ Kg5 51. c6 Rxa4 52. Kg2 Ra3 53. Be4 Rc3 54. f3 Kf6 55. Kh3 Kg7 56. Kg4 Kf6 57. Kh4 Rc1 58. Kh3 Kg5 59. Kg2 Kh5 60. Kf2 Kh6 61. Ke3 Kg7 62. Kd2 Rc5 63. Ke3 Kf6 64. Ke2 g5 65. g4 Ke7 66. Ke3 Kd6 67. Kd3 Kc7 68. Ke3 Rc4 69. Kd3 Rc1 70. Ke3 Rd1 71. Ke2 Rd4 72. Ke3 Kb6 73. Ke2 Rxe4+ 74. fxe4 Kxc6 75. Kd2 Kb5 76. Kd3 Kb4 77. Kd2 Kc4 78. Ke2 Kd4 79. Kf3 Kd3 80. Kg3 Kxe4 0-1

[Event "ARG-ch sf 98th"]
[Site "Buenos Aires"]
[Date "2023.05.06"]
[Round "8"]
[White "Navarro, Gustavo"]
[Black "Pierucci, Fabian"]
[Result "1-0"]
[WhiteElo "2018"]
[BlackElo "1849"]
[PlyCount "111"]
[EventDate "2023.04.29"]
[EventType "swiss"]
[EventRounds "9"]
[EventCountry "ARG"]
[SourceTitle "CBM 214 Extra"]
[Source "ChessBase"]
[SourceDate "2023.07.31"]
[SourceVersion "1"]
[SourceVersionDate "2023.07.31"]
[SourceQuality "1"]

1. d4 d6 2. c4 Nf6 3. Nc3 g6 4. e4 Bg7 5. Be3 Ng4 6. Bc1 e5 7. d5 f5 8. h3 Nf6 9. exf5 gxf5 10. Bg5 0-0 11. Qd2 Nbd7 12. 0-0-0 Qe8 13. g4 Nc5 14. f3 e4 15. b4 Na4 16. Nb5 fxg4 17. Qc2 Qe5 18. Bxf6 Bxf6 19. Nd4 exf3 20. hxg4 Qe3+ 21. Rd2 Rf7 22. Ngxf3 Qa3+ 23. Kb1 Nc3+ 24. Ka1 Nxa2 25. Qb2 Qe3 26. Kxa2 Bxg4 27. Rg2 Rg7 28. Rhg1 h5 29. Nf5 Bxb2 30. Nxe3 Bxf3 31. Rxg7+ Bxg7 32. Bh3 Kh8 33. Nf5 Be5 34. Ne7 Be4 35. Rg5 Bd3 36. Kb3 Be2 37. Ng6+ Kh7 38. Nxe5 dxe5 39. Rxe5 Bd1+ 40. Kc3 Rf8 41. Re7+ Kg6 42. Rxc7 Rf3+ 43. Kd2 Rxh3 44. Kxd1 Rh4 45. Kd2 Kf6 46. Kd3 Ke5 47. Re7+ Kd6 48. Rxb7 Rh3+ 49. Kd4 Rh4+ 50. Kc3 Rh3+ 51. Kb2 a5 52. Rb6+ Kc7 53. bxa5 h4 54. d6+ Kd7 55. a6 Rg3 56. a7 1-0

[Event "ARG-ch sf 98th"]
[Site "Buenos Aires"]
[Date "2023.05.02"]
[Round "4"]
[White "Pierucci, Fabian"]
[Black "Abramor, Franco"]
[Result "0-1"]
[WhiteElo "1849"]
[BlackElo "2077"]
[PlyCount "80"]
[EventDate "2023.04.29"]
[EventType "swiss"]
[EventRounds "9"]
[EventCountry "ARG"]
[SourceTitle "CBM 214 Extra"]
[Source "ChessBase"]
[SourceDate "2023.07.31"]
[SourceVersion "1"]
[SourceVersionDate "2023.07.31"]
[SourceQuality "1"]

1. Nf3 Nf6 2. d4 g6 3. c4 Bg7 4. Nc3 0-0 5. b4 d6 6. Bb2 Nbd7 7. Qc2 e5 8. d5 Nh5 9. g4 Nhf6 10. h3 a5 11. a3 Qe7 12. e4 c6 13. Bd3 cxd5 14. cxd5 Nb6 15. Qd2 Re8 16. Qe3 Nbxd5 17. exd5 e4 18. Bb5 Bd7 19. Nd4 Rac8 20. Bxd7 Qxd7 21. Rd1 axb4 22. axb4 Rc4 23. 0-0 Nxg4 24. hxg4 Qxg4+ 25. Qg3 Qxg3+ 26. fxg3 Bxd4+ 27. Rxd4 Rxd4 28. b5 Rd3 29. Rf6 Rxg3+ 30. Kf2 Rh3 31. Ne2 Rd8 32. Bd4 Kf8 33. Rf4 f5 34. Kg2 Rd3 35. Rh4 Kg8 36. Kf2 Ra8 37. Rh1 Ra2 38. Be3 f4 39. Bxf4 Rf3+ 40. Ke1 Rxf4 0-1

[Event "Vicente Lopez ProAm 100 Years op"]
[Site "Buenos Aires"]
[Date "2022.10.18"]
[Round "9"]
[White "Cruz Pereyra, Andresantoni"]
[Black "Pierucci, Fabian"]
[Result "1-0"]
[WhiteElo "2034"]
[BlackElo "1832"]
[PlyCount "87"]
[EventDate "2022.10.11"]
[EventType "swiss"]
[EventRounds "9"]
[EventCountry "ARG"]
[SourceTitle "CBM 210 Extra"]
[Source "ChessBase"]
[SourceDate "2022.11.30"]
[SourceVersion "1"]
[SourceVersionDate "2022.11.30"]
[SourceQuality "1"]

1. e3 e5 2. b3 Nf6 3. Bb2 d6 4. g3 Be7 5. Bg2 c6 6. Ne2 0-0 7. 0-0 Nbd7 8. c4 a5 9. Qc2 Re8 10. d4 Qc7 11. Nbc3 Bf8 12. Rac1 g6 13. Rfd1 Bg7 14. Ba3 exd4 15. Nxd4 Nc5 16. Qd2 Bd7 17. Nde2 Bf8 18. Qd4 Be7 19. h3 Rad8 20. g4 Bc8 21. Qf4 Ne6 22. Qg3 Bf8 23. Rd2 Rd7 24. Bf3 Ng5 25. Rd4 Qd8 26. Bg2 Ne6 27. Rd2 Nc5 28. Qf4 Ne6 29. Qh2 Nc5 30. Rcd1 d5 31. cxd5 Nxb3 32. axb3 Bxa3 33. e4 cxd5 34. e5 d4 35. Nb5 Bb4 36. Rxd4 Rxd4 37. Rxd4 Qb6 38. Nd6 Bxd6 39. Rxd6 Qb5 40. Nd4 Qd3 41. Bf1 Qd1 42. exf6 h5 43. Qf4 Kh7 44. Nf5 1-0

[Event "Vicente Lopez ProAm 100 Years op"]
[Site "Buenos Aires"]
[Date "2022.10.14"]
[Round "4"]
[White "Aranda, Juan Manuel"]
[Black "Pierucci, Fabian"]
[Result "1/2-1/2"]
[WhiteElo "2162"]
[BlackElo "1832"]
[PlyCount "142"]
[EventDate "2022.10.11"]
[EventType "swiss"]
[EventRounds "9"]
[EventCountry "ARG"]
[SourceTitle "CBM 210 Extra"]
[Source "ChessBase"]
[SourceDate "2022.11.30"]
[SourceVersion "1"]
[SourceVersionDate "2022.11.30"]
[SourceQuality "1"]

1. Nf3 d5 2. c4 c6 3. b3 Nf6 4. Bb2 Bf5 5. g3 Nbd7 6. Bg2 h6 7. 0-0 e6 8. d3 Be7 9. Nc3 0-0 10. Re1 Bg4 11. a3 a5 12. Qc2 e5 13. h3 Be6 14. e3 Rc8 15. Ne2 Bd6 16. Red1 Qe7 17. Qd2 b6 18. d4 Ne4 19. Qe1 exd4 20. Nfxd4 Ndf6 21. Nf4 Bxf4 22. exf4 Rfe8 23. Rac1 Bd7 24. cxd5 cxd5 25. Nf3 Qd8 26. Ne5 Rxc1 27. Rxc1 Nc5 28. Qd1 Be6 29. b4 Nce4 30. Qd4 Nd6 31. Nc6 Qd7 32. Ne5 Qd8 33. Rc6 axb4 34. Qxb4 Nc4 35. Bd4 Nxe5 36. fxe5 Nd7 37. Bxb6 Nxb6 38. Rxb6 Qc7 39. Rd6 Rb8 40. Qf4 Rb1+ 41. Kh2 Rb2 42. Bxd5 Qc5 43. Rd8+ Kh7 44. Be4+ g6 45. Kg2 Qe7 46. Rd6 Rb3 47. a4 Kg7 48. h4 Rb4 49. h5 Bf5 50. f3 Rxa4 51. hxg6 Ra2+ 52. Kg1 Ra1+ 53. Kh2 Ra2+ 54. Rd2 Rxd2+ 55. Qxd2 Bxe4 56. fxe4 Qxe5 57. gxf7 Qxe4 58. f8Q+ Kxf8 59. Qxh6+ Kf7 60. Qh5+ Kg7 61. Qg5+ Kf7 62. Qd2 Kg6 63. Qd6+ Kg5 64. Qd8+ Kg6 65. Qb8 Kf6 66. Qd8+ Kg6 67. Qd6+ Kg5 68. Qd2+ Kg6 69. Kh3 Qh1+ 70. Qh2 Qxh2+ 71. Kxh2 Kg5 1/2-1/2

[Event "Vicente Lopez ProAm 100 Years op"]
[Site "Buenos Aires"]
[Date "2022.10.13"]
[Round "3"]
[White "Pierucci, Fabian"]
[Black "Hora, Manuel"]
[Result "1-0"]
[WhiteElo "1832"]
[BlackElo "1552"]
[PlyCount "41"]
[EventDate "2022.10.11"]
[EventType "swiss"]
[EventRounds "9"]
[EventCountry "ARG"]
[SourceTitle "CBM 210 Extra"]
[Source "ChessBase"]
[SourceDate "2022.11.30"]
[SourceVersion "1"]
[SourceVersionDate "2022.11.30"]
[SourceQuality "1"]

1. e4 c6 2. Nc3 d5 3. e5 c5 4. Nf3 Nc6 5. d3 Bg4 6. Bf4 e6 7. h3 Bxf3 8. Qxf3 Nge7 9. 0-0-0 Ng6 10. Re1 a6 11. g4 Be7 12. Bg3 b5 13. Bg2 Qa5 14. h4 b4 15. Nxd5 0-0 16. h5 Bg5+ 17. Kb1 b3 18. cxb3 exd5 19. hxg6 hxg6 20. Bf4 Be7 21. Qh3 1-0

[Event "ARG-ch Seniors 50"]
[Site "Buenos Aires"]
[Date "2021.12.09"]
[Round "3"]
[White "Romero, Fabian"]
[Black "Pierucci, Fabian"]
[Result "0-1"]
[WhiteElo "1861"]
[BlackElo "1833"]
[PlyCount "43"]
[EventDate "2021.12.08"]
[EventType "swiss"]
[EventRounds "7"]
[EventCountry "ARG"]
[SourceTitle "CBM 205 Extra"]
[Source "ChessBase"]
[SourceDate "2022.01.31"]
[SourceVersion "1"]
[SourceVersionDate "2022.01.31"]
[SourceQuality "1"]

1. e4 c5 2. d4 cxd4 3. c3 d3 4. Bxd3 Nc6 5. Nf3 e6 6. 0-0 Nf6 7. e5 Nd5 8. Be4 Nde7 9. Bf4 Ng6 10. Bg3 f5 11. exf6 gxf6 12. Nh4 f5 13. Bxf5 exf5 14. Re1+ Nce7 15. Nxf5 d5 16. Nd6+ Kd7 17. Qa4+ Nc6 18. Qg4+ Kc7 19. Nxc8+ Nge5 20. Bxe5+ Nxe5 21. Rxe5 Rxc8 22. Nd2 0-1

[Event "ARG-ch Seniors 50"]
[Site "Coronel Pringles"]
[Date "2019.12.14"]
[Round "3.8"]
[White "Pierucci, Fabian"]
[Black "Carrizo, Victor"]
[Result "1-0"]
[WhiteElo "1911"]
[BlackElo "1524"]
[PlyCount "65"]
[EventDate "2019.12.13"]
[EventType "swiss"]
[EventRounds "7"]
[EventCountry "ARG"]
[SourceTitle "EXT 2024"]
[Source "ChessBase"]
[SourceDate "2023.10.10"]
[SourceVersion "1"]
[SourceVersionDate "2023.10.10"]
[SourceQuality "1"]

1. e4 c5 2. Nf3 Nc6 3. d4 cxd4 4. Nxd4 Nf6 5. Nc3 a6 6. f4 e6 7. e5 Ng8 8. Ne4 d5 9. exd6 Nf6 10. Nxc6 bxc6 11. Bd3 Nxe4 12. Bxe4 Bd7 13. Be3 Qb8 14. Bc5 Qxb2 15. 0-0 Qc3 16. Bd4 Qb4 17. Rb1 Qxd6 18. Rb3 Rc8 19. Rd3 Qb4 20. Re1 c5 21. Bc3 Qb5 22. f5 c4 23. Rf3 e5 24. Bxe5 Bc5+ 25. Kh1 0-0 26. Bxg7 Kxg7 27. f6+ Kh8 28. Rh3 Bf2 29. Rxh7+ Kg8 30. Rh5 Rc5 31. Bh7+ Kh8 32. Bf5+ Kg8 33. Qg4# 1-0

[Event "Buenos Aires Panno Memorial"]
[Site "Buenos Aires"]
[Date "2019.10.26"]
[Round "6"]
[White "Perez Wertheim, Rodolfo"]
[Black "Pierucci, Fabian"]
[Result "1-0"]
[WhiteElo "1925"]
[BlackElo "1930"]
[PlyCount "63"]
[EventDate "2019.10.17"]
[EventType "tourn"]
[EventRounds "7"]
[EventCountry "ARG"]
[SourceTitle "CBM 192 Extra"]
[Source "Chessbase"]
[SourceDate "2019.11.06"]
[SourceVersion "1"]
[SourceVersionDate "2019.11.06"]
[SourceQuality "1"]

1. e4 c5 2. Nc3 Nc6 3. f4 a6 4. Nf3 g6 5. g3 Bg7 6. Bg2 d6 7. 0-0 e6 8. d3 Nge7 9. Kh1 b5 10. Qe2 b4 11. Nd1 Bb7 12. Be3 0-0 13. g4 f5 14. Ng5 Qd7 15. c3 h6 16. Nh3 Rae8 17. Rg1 Kh7 18. Rc1 a5 19. Ndf2 e5 20. gxf5 gxf5 21. Qh5 Nd8 22. fxe5 Ne6 23. Bf3 dxe5 24. Rxg7+ Nxg7 25. Qxh6+ Kg8 26. Ng5 Rf7 27. Qh7+ Kf8 28. Qh8+ Ng8 29. Bxc5+ Rfe7 30. Rg1 Ne6 31. Nh7+ Kf7 32. Bh5# 1-0

[Event "Buenos Aires Panno Memorial"]
[Site "Buenos Aires"]
[Date "2019.10.19"]
[Round "3"]
[White "Pereyra, Alex"]
[Black "Pierucci, Fabian"]
[Result "0-1"]
[WhiteElo "1893"]
[BlackElo "1930"]
[PlyCount "76"]
[EventDate "2019.10.17"]
[EventType "tourn"]
[EventRounds "7"]
[EventCountry "ARG"]
[SourceTitle "CBM 192 Extra"]
[Source "Chessbase"]
[SourceDate "2019.11.06"]
[SourceVersion "1"]
[SourceVersionDate "2019.11.06"]
[SourceQuality "1"]

1. d4 Nf6 2. Bf4 g6 3. e3 Bg7 4. Be2 d6 5. Nf3 c6 6. h3 b5 7. 0-0 Nbd7 8. c4 bxc4 9. Bxc4 0-0 10. Nc3 h6 11. Rc1 c5 12. dxc5 Nxc5 13. Qc2 Bf5 14. Qe2 Rb8 15. Rfd1 Nfe4 16. Nd4 Bd7 17. Nxe4 Nxe4 18. Bh2 Qb6 19. b3 Rbc8 20. Qf3 Nf6 21. e4 Rc5 22. Ne2 Rfc8 23. Nf4 Kh7 24. Nd3 R5c6 25. e5 dxe5 26. Nxe5 Rd6 27. Nxd7 Rxd7 28. Rxd7 Nxd7 29. Re1 Nf6 30. Bf4 Qb4 31. Rd1 Nh5 32. Be3 f5 33. a4 a5 34. Qd5 Nf6 35. Qb5 Qc3 36. Rc1 Qb2 37. Bg8+ Rxg8 38. Qxa5 Ne4 0-1

[Event "Mendoza"]
[Site "Mendoza"]
[Date "2019.01.26"]
[Round "1.3"]
[White "Pierucci, Fabian"]
[Black "Leal, Jorge Augusto"]
[Result "0-1"]
[WhiteElo "1926"]
[BlackElo "2048"]
[PlyCount "94"]
[EventDate "2019.01.26"]
[EventType "tourn"]
[EventRounds "9"]
[EventCountry "ARG"]
[SourceTitle "EXT 2024"]
[Source "ChessBase"]
[SourceDate "2023.10.10"]
[SourceVersion "1"]
[SourceVersionDate "2023.10.10"]
[SourceQuality "1"]

1. d4 e6 2. c4 f5 3. g3 Nf6 4. Bg2 Be7 5. Nc3 0-0 6. Qb3 c6 7. d5 d6 8. Nh3 e5 9. c5 Kh8 10. cxd6 Qxd6 11. 0-0 cxd5 12. Bg5 Nc6 13. Bxf6 Bxf6 14. Qxd5 Qe7 15. Rfd1 Be6 16. Qb5 g5 17. Kf1 a6 18. Qb6 e4 19. f4 exf3 20. exf3 Bc4+ 21. Kg1 Bd4+ 22. Rxd4 Qe3+ 23. Kh1 Qxd4 24. Qxb7 Ne5 25. Nxg5 Ra7 26. Qb4 Rd8 27. h4 Nd3 28. Qa5 Nxb2 29. Re1 Nd3 30. Ne2 Qf6 31. Rb1 Nf2+ 32. Kg1 Bxe2 33. Kxf2 Bd3 34. Rb4 Rc8 35. Qd5 Bb5 36. Kg1 Rd7 37. Qb3 h6 38. Nh3 Rc1+ 39. Kh2 Rd3 40. Qb2 Qxb2 41. Rxb2 Rdc3 42. a4 Bf1 43. Nf4 Bxg2 44. Nxg2 Rf1 45. Rb8+ Kg7 46. Rb7+ Kf8 47. Kh3 Rh1# 0-1

[Event "ARG-ch U2300"]
[Site "Tacuari"]
[Date "2018.11.17"]
[Round "2"]
[White "Pierucci, Fabian"]
[Black "Kapitanchuk, Tomas"]
[Result "0-1"]
[WhiteElo "1893"]
[BlackElo "2289"]
[PlyCount "90"]
[EventDate "2018.11.16"]
[EventType "swiss"]
[EventRounds "7"]
[EventCountry "ARG"]
[SourceTitle "EXT 2020"]
[Source "ChessBase"]
[SourceDate "2019.10.17"]
[SourceVersion "1"]
[SourceVersionDate "2019.10.17"]
[SourceQuality "1"]

1. e4 c5 2. Nf3 e6 3. d4 cxd4 4. Nxd4 Nc6 5. Nb5 d6 6. c4 Nf6 7. N1c3 a6 8. Na3 Be7 9. Be2 0-0 10. 0-0 b6 11. f4 Bb7 12. Kh1 Rc8 13. Bf3 Na5 14. e5 Bxf3 15. Qxf3 dxe5 16. fxe5 Nd7 17. Qg3 Bh4 18. Qf4 Nc6 19. Be3 Ncxe5 20. Rad1 Be7 21. Bd4 Qc7 22. Qg3 Ng6 23. Qf2 Bxa3 24. bxa3 Qxc4 25. Ne4 Qc6 26. Ng5 f6 27. Nf3 e5 28. Be3 Nc5 29. Qe2 Rfd8 30. Qc4+ Kh8 31. Rc1 Qd5 32. Qb4 Nd3 33. Rxc8 Nxb4 34. Rxd8+ Qxd8 35. axb4 h5 36. h3 Qd3 37. Re1 e4 38. Nd4 Qc3 39. Re2 Qxb4 40. g3 Qb1+ 41. Kg2 Qd3 42. Kf2 Ne5 43. Nf5 Qd1 44. Nd4 Qh1 45. Rc2 Nd3+ 0-1

[Event "ARG-ch Seniors 50/65"]
[Site "Torre Blanca"]
[Date "2018.10.21"]
[Round "5"]
[White "Pierucci, Fabian"]
[Black "Galarce, Ruben"]
[Result "0-1"]
[WhiteElo "1881"]
[BlackElo "1960"]
[PlyCount "110"]
[EventDate "2018.10.19"]
[EventType "swiss"]
[EventRounds "7"]
[EventCountry "ARG"]
[SourceTitle "CBM 187 Extra"]
[Source "ChessBase"]
[SourceDate "2018.11.04"]
[SourceVersion "1"]
[SourceVersionDate "2018.11.04"]
[SourceQuality "1"]

1. c4 b6 2. d4 Bb7 3. Nc3 e6 4. Bf4 g6 5. e3 d6 6. Nf3 Bg7 7. Be2 Nd7 8. 0-0 Ne7 9. Qd3 h6 10. h3 a6 11. Bh2 Nf5 12. e4 Nh4 13. Nd2 g5 14. g3 Ng6 15. Bf3 c5 16. d5 Nde5 17. Qe2 Nxf3+ 18. Nxf3 e5 19. Nd1 Bc8 20. Kg2 Ne7 21. Ng1 f5 22. Qh5+ Kf8 23. f4 Qe8 24. Qe2 Kg8 25. fxe5 dxe5 26. exf5 Nxf5 27. Nc3 Kh7 28. Nf3 Ra7 29. g4 Nd4 30. Qe4+ Qg6 31. Qxg6+ Kxg6 32. Nxe5+ Kh7 33. Rf7 Rxf7 34. Nxf7 Rf8 35. Nd6 Nc2 36. Rc1 Ne3+ 37. Kh1 Bd7 38. Nde4 Rf3 39. Bg3 Nxc4 40. Kg2 Rf8 41. Nd1 Bb5 42. b3 Nb2 43. Nxb2 Bxb2 44. Rc2 Bd4 45. Nd6 Bd3 46. Rd2 Bg6 47. Re2 Bd3 48. Re7+ Kg6 49. Re6+ Rf6 50. Nc4 Bf1+ 51. Kh2 Rxe6 52. dxe6 Bxc4 53. bxc4 Kf6 54. a4 Kxe6 55. Bc7 Be5+ 0-1

[Event "ARG-ch Seniors 50/65"]
[Site "Torre Blanca"]
[Date "2018.10.19"]
[Round "1"]
[White "Pierucci, Fabian"]
[Black "Godoy, Carlos"]
[Result "0-1"]
[WhiteElo "1881"]
[BlackElo "2128"]
[PlyCount "80"]
[EventDate "2018.10.19"]
[EventType "swiss"]
[EventRounds "7"]
[EventCountry "ARG"]
[SourceTitle "CBM 187 Extra"]
[Source "ChessBase"]
[SourceDate "2018.11.04"]
[SourceVersion "1"]
[SourceVersionDate "2018.11.04"]
[SourceQuality "1"]

1. e4 c5 2. Nf3 d6 3. d4 cxd4 4. Nxd4 Nf6 5. Nc3 a6 6. Bg5 e6 7. f4 Be7 8. Qf3 Qc7 9. 0-0-0 Nbd7 10. g4 h6 11. Bxf6 Bxf6 12. h4 Qb6 13. Nde2 Nc5 14. g5 Be7 15. f5 hxg5 16. hxg5 Bxg5+ 17. Kb1 Rf8 18. Qg3 Be7 19. Qxg7 Bd7 20. f6 Qd8 21. fxe7 Qxe7 22. Rh8 0-0-0 23. Rxf8 Rxf8 24. Qd4 Bc6 25. b4 e5 26. Qc4 b5 27. Nd5 Qb7 28. Qc3 Nxe4 29. Qxc6+ Qxc6 30. Ne7+ Kc7 31. Nxc6 Kxc6 32. Bg2 d5 33. Kb2 f5 34. Rh1 Rf6 35. Nc3 Nxc3 36. Kxc3 f4 37. Rd1 f3 38. Bf1 Rf4 39. a3 Kd6 40. Kd3 Rd4+ 0-1

[Event "ARG-ch Amateur U2300"]
[Site "Suipacha"]
[Date "2017.11.18"]
[Round "3.10"]
[White "Sotelo, Noe"]
[Black "Pierucci, Fabian"]
[Result "1-0"]
[WhiteElo "2091"]
[BlackElo "1887"]
[PlyCount "87"]
[EventDate "2017.11.17"]
[EventType "swiss"]
[EventRounds "8"]
[EventCountry "ARG"]
[SourceTitle "EXT 2024"]
[Source "ChessBase"]
[SourceDate "2023.10.10"]
[SourceVersion "1"]
[SourceVersionDate "2023.10.10"]
[SourceQuality "1"]

1. c4 c5 2. g3 Nc6 3. Bg2 g6 4. Nc3 Bg7 5. Nf3 e6 6. 0-0 Nge7 7. d3 a6 8. Ne4 d6 9. Bf4 e5 10. Bg5 f5 11. Nf6+ Kf7 12. Nd5 h6 13. Bxe7 Nxe7 14. Nd2 Rf8 15. Nxe7 Qxe7 16. Bd5+ Be6 17. Bxe6+ Qxe6 18. e4 Kg8 19. a4 Rab8 20. exf5 gxf5 21. Qc2 b5 22. Rfe1 f4 23. Kg2 Qf5 24. f3 fxg3 25. hxg3 bxc4 26. Qxc4+ Kh8 27. b3 Rb4 28. Qxa6 d5 29. Re3 e4 30. Rf1 Qg5 31. f4 Qg4 32. dxe4 dxe4 33. Nxe4 Bd4 34. Qxh6+ Kg8 35. Ng5 Qf5 36. Qe6+ Qxe6 37. Rxe6 Rxb3 38. Rg6+ Bg7 39. Rxg7+ Kxg7 40. Ne6+ Kf7 41. Nxf8 Kxf8 42. Rc1 Rb4 43. Rxc5 Rxa4 44. Rc7 1-0

[Event "Villa Martelli zt 2.5"]
[Site "Villa Martelli"]
[Date "2017.05.07"]
[Round "8"]
[White "Montero Martinez, Cristian"]
[Black "Pierucci, Fabian"]
[Result "1-0"]
[WhiteElo "2050"]
[BlackElo "1950"]
[PlyCount "83"]
[EventDate "2017.04.30"]
[EventType "swiss"]
[EventRounds "9"]
[EventCountry "ARG"]
[SourceTitle "CBM 178 Extra"]
[Source "ChessBase"]
[SourceDate "2017.06.22"]
[SourceVersion "1"]
[SourceVersionDate "2017.06.22"]
[SourceQuality "1"]

1. d4 Nf6 2. Nf3 b6 3. g3 e6 4. Bg2 Bb7 5. 0-0 Be7 6. c4 c5 7. Nc3 cxd4 8. Nb5 a6 9. Nbxd4 Qc7 10. b3 0-0 11. Bb2 d6 12. Rc1 Nbd7 13. e3 Rac8 14. Qe2 Qb8 15. Rfd1 Qa8 16. Ne1 Bxg2 17. Nxg2 Rfe8 18. f3 Bf8 19. e4 Qb7 20. Re1 g6 21. Rcd1 e5 22. Nc2 b5 23. Nge3 bxc4 24. Nxc4 d5 25. exd5 Nxd5 26. Kg2 N7f6 27. N2e3 Nxe3+ 28. Nxe3 Nh5 29. Nc4 f6 30. Qe4 Qb8 31. Rd7 Qb5 32. Red1 Ng7 33. Rb7 Rxc4 34. bxc4 Qa4 35. Rdd7 Qxa2 36. Qd5+ Kh8 37. c5 Qb1 38. Bd4 Qc2+ 39. Bf2 Rc8 40. Rd8 Rxd8 41. Qxd8 Kg8 42. Qd5+ 1-0